| 000 | 00777nam a2200277 a 4500 | ||
|---|---|---|---|
| 001 | 73824 | ||
| 003 | BD-RjUL | ||
| 005 | 20211209082442.0 | ||
| 008 | 170612s1972 enkab b 001 0 eng d | ||
| 020 | _a0582481473 | ||
| 035 | _a(BD-RjUL)74042 | ||
| 040 |
_aDLC _cDLC _dDLC _dBD-RjUL _beng |
||
| 041 | _aeng | ||
| 082 | 0 | 0 |
_a551.41 _223 _bSPG 1972 |
| 100 | 1 |
_aSparks, B. W. _d1923- _9218595 |
|
| 245 | 1 | 0 |
_aGeomorphology / _cB. W. Sparks. |
| 250 | _a2nd ed. | ||
| 260 |
_aLondon : _bLongman, _c1972. |
||
| 300 |
_axxi, 530 p. : _bill. ; _c24 cm. |
||
| 490 | 0 | _aGeographies for advanced study | |
| 500 | _aIncludes index. | ||
| 504 | _aBibliography: p. 488-507. | ||
| 650 | 0 |
_aGeomorphology. _9218596 |
|
| 830 |
_aGeographies for advanced study _9218598 |
||
| 942 |
_2ddc _cBK |
||
| 999 |
_c73824 _d73824 |
||